LEADER 01773nam 2200373Ia 450 001 996386155203316 005 20200824132806.0 035 $a(CKB)4940000000077024 035 $a(EEBO)2240928463 035 $a(OCoLC)ocm12399898e 035 $a(OCoLC)12399898 035 $a(EXLCZ)994940000000077024 100 $a19850819d1650 uy | 101 0 $aeng 135 $aurbn||||a|bb| 200 14$aThe time-serving Proteus, and ambidexter divine, uncased to the vvorld$b[electronic resource] $econtaining two letters of M. John Dury (the great champion for the new ingagement, faithfully extracted out of the originalls under his own hand) : the first, to Joseph Hall, late Bishop of Exeter : the second, to William Lawd, late Archbishop of Canterbury : wherein he expresseth the reasons which moved him, not onely to scruple and dislike, but in some sort to renounce his ecclesiasticall orders and ministeriall function, formerly conferred on him in the reformed churches beyond the seas, because not given by a di?cesan bishop .. 210 $a[London $cs.n.]$d1650 215 $a[2], 6 p 300 $aA discussion by Prynne of Dury's letters to Hall and Laud. 300 $aWritten by William Prynne. Cf. BM. 300 $aPlace of publication from Wing. 300 $aAuthorship also attributed to John Dury by Wing. 300 $aReproduction of original in Harvard University Libraries. 330 $aeebo-0062 700 $aPrynne$b William$f1600-1669.$0198500 701 $aDury$b John$f1596-1680.$0820763 801 0$bEAA 801 1$bEAA 801 2$bm/c 801 2$bWaOLN 906 $aBOOK 912 $a996386155203316 996 $aThe time-serving Proteus, and ambidexter divine, uncased to the vvorld$92422362 997 $aUNISA